Για μια τυπολογία των ηρώων της καζαντζακικής μυθολογίας Come l'uon s'eterna

Αποθηκεύτηκε σε:
Λεπτομέρειες βιβλιογραφικής εγγραφής
Κύριος συγγραφέας: Αθανασοπούλου, Αφροδίτη
Μορφή: Βιβλίο
Γλώσσα:Greek
Δημοσίευση: [Θεσσαλονίκη] : Μαλλιάρης, [2008]
Θέματα:
Ετικέτες: Προσθήκη ετικέτας
Δεν υπάρχουν, Καταχωρήστε ετικέτα πρώτοι!

MARC

LEADER 00000cam a2200000 i 4500
001 1/83345
008 080419s2008 gre d
035 |l 10096904 
040 |a GR-MY-UA  |b gre  |e aacr 
041 0 |a gre 
082 0 |a 889.309 ΑΘΑ  |2 (22) 
100 1 |a Αθανασοπούλου, Αφροδίτη. 
245 1 0 |a Για μια τυπολογία των ηρώων της καζαντζακικής μυθολογίας  |h [ανάτυπο] =  |b Come l'uon s'eterna /  |c Αφροδίτη Αθανασοπούλου 
260 |a [Θεσσαλονίκη] :   |b Μαλλιάρης,   |c [2008] 
300 |a 16 σ.;  |c 21 εκ. 
500 |a ανάτυπο απο: Φιλόλογος, τριμηνιαία έκδοση του συλλόγου αποφοίτων της φιλοσοφικής σχολής του πανεπιστημίου Θεσσαλονίκης, 131, Ιανουάριος - Φεβρουάριος - Μάρτιος, 2008 
504 |a Βιβλιογραφία:13-16 σ. 
600 1 0 |2 nlgaf  |a Καζαντζάκης, Νίκος,   |d 1883-1957. 
650 0 0 |a Greek literature  |x History and criticism. 
650 0 0 |a Heroes in literature. 
852 |a INST  |b RHODES  |e 20080419  |h 889.309 ΑΘΑ  |p 005400029274  |q 005400029274  |t BK  |y 0 
901 |a BIBL4-2008-1 
909 |a Ρ  |b 150128 
970 |a ΜΙΣΣΟΣ  |b ΣΤΑΥΡΟΣ  |z 2008/04/19